000 01404nam0a2200313 4500
001 RU\NLR\bibl\1235355
005 20260405111633.0
010 _a5-9797-0003-Х
_95000
021 _aRU
_b2008-26713
_91475
035 _a(NLR Aleph) 001221597
090 _a141920
_c141920
100 _a20080602d2006 |||y0rusy50 ca
101 1 _arus
_cund
102 _aRU
105 _aabch|||||||||
200 1 _aВ схватке со львом
_eвоспоминания о детстве в нацистской Европе.
_fСимон Арнольд-Либстер
_gил. авт.
210 _aМосква
_cОсобая книга
_d2006
215 _a552 с.
_cил., карт., портр., факс.
_d21
300 _aЗагл. и авт. ориг.: Facing the lion/ Simone Arnold Liebster
454 0 _12001#$aFacing the lion$fSimone Arnold Liebster
_1700#1$3RU\NLR\auth\7776229$7ba$aArnold-Liebster$bS.$f1930-$gSimone$4070
_tFacing the lion
_aArnold-Liebster, Simone (1930-)
606 1 _aФашизм
_jВоспоминания, записки и т.п.
_xИстория
_yГермания
_91565210
_3RU\NLR\auth\66985145
686 _aТ3(4Г)63,013
700 1 _4070
_8rus
_7ca
_aАрнольд-Либстер
_bС.
_f1930-
_gСимон
_3RU\NLR\auth\7742577
_925520
801 0 _aRU
_bNLR
_c20080602
_gRCR
801 1 _aRU
_bNLR
_c20080602
942 _cBOOK
980 _aNB